Detalles MARC
| 000 -CABECERA |
| campo de control de longitud fija |
03832nam a2200361 a 4500 |
| 001 - NÚMERO DE CONTROL |
| campo de control |
000014124 |
| 003 - IDENTIFICADOR DEL NÚMERO DE CONTROL |
| campo de control |
DO-SdBNP |
| 005 - FECHA Y HORA DE LA ÚLTIMA TRANSACCIÓN |
| campo de control |
20250128123754.0 |
| 007 - CAMPO FIJO DE DESCRIPCIÓN FÍSICA--INFORMACIÓN GENERAL |
| campo de control de longitud fija |
ta |
| 008 - DATOS DE LONGITUD FIJA--INFORMACIÓN GENERAL |
| campo de control de longitud fija |
091204s2009 dr a 001 0cspa d |
| 020 ## - NÚMERO INTERNACIONAL ESTÁNDAR DEL LIBRO |
| Número Internacional Estándar del Libro |
9789945406962 |
| 040 ## - FUENTE DE LA CATALOGACIÓN |
| Centro catalogador/agencia de origen |
DO-SdBNP |
| Lengua de catalogación |
spa |
| Centro/agencia transcriptor |
BNPHU |
| 082 #4 - NÚMERO DE LA CLASIFICACIÓN DECIMAL DEWEY |
| Número de clasificación |
923.77293687 |
| Número de documento/Ítem |
E82c |
| Número de edición |
22 |
| 100 1# - ENTRADA PRINCIPAL--NOMBRE DE PERSONA |
| Nombre de persona |
Estrella Guzmán, Hugo, |
| Fechas asociadas al nombre |
1942- |
| 9 (RLIN) |
31953 |
| 245 10 - MENCIÓN DE TÍTULO |
| Título |
Cien maestros veganos / |
| Mención de responsabilidad, etc. |
Hugo Estrella Guzmán, Fausto Mota García ; prólogo Bruno Rosario Candelier ; presentación Melanio Paredes P. |
| 260 ## - PUBLICACIÓN, DISTRIBUCIÓN, ETC. |
| Lugar de publicación, distribución, etc. |
Santo Domingo : |
| Nombre del editor, distribuidor, etc. |
Alfa y Omega, |
| Fecha de publicación, distribución, etc. |
2009. |
| 300 ## - DESCRIPCIÓN FÍSICA |
| Extensión |
v. : |
| Otras características físicas |
il. ; |
| Dimensiones |
23 cm. |
| 500 ## - NOTA GENERAL |
| Nota general |
Incluye índice onomástico |
| 500 ## - NOTA GENERAL |
| Nota general |
La biblioteca posee el volumen 1 |
| 505 0# - NOTA DE CONTENIDO CON FORMATO |
| Título |
Presentación -- |
| -- |
Dedicatoria -- |
| -- |
Presentación -- |
| -- |
Agradecimiento -- |
| -- |
Prólogo -- |
| -- |
Pertinencia de la obra -- |
| -- |
Prefacio a la primera edición -- |
| -- |
Biografías -- |
| Información miscelánea |
Primera etapa 1844-1899 -- |
| Título |
Introducción a la primera etapa -- |
| -- |
Federico García Godoy (a) don Fico -- |
| -- |
Juana Dolores Gómez Grateró -- |
| -- |
Don Manuel Ubaldo Gómez y Moya -- |
| -- |
Luis Alberto Weber -- |
| -- |
Joaquín Arismendy Robiou y Moya (a) don Mendito -- |
| -- |
Mons. Dr. Giovanny Francesco Fantico Falco -- |
| -- |
Máximo Antonio Álvarez Reyes (a) don Pepe -- |
| -- |
Don Carlos María Sánchez Gratereaux -- |
| -- |
Juan Luis Despradel Piantini -- |
| -- |
Emilia Pineda L´Oiseau vda. Fernández -- |
| -- |
Manuel Acevedo Serrano -- |
| -- |
Graciela Inocencia Brache Ramírez (a) Gachén -- |
| -- |
Joaquín Ramón Gómez Fernández -- |
| -- |
María Dolores Morilla y Almánzar (a) Lola -- |
| -- |
Luis Ernesto Gómez Uribe -- |
| -- |
Adelaida Rosa Boddeen vda. Morilla -- |
| -- |
Rosa Yangüela vda. Billini (a) Rosita -- |
| -- |
María de la Antigüa Castaños Pérez de Perez (a) Antigüita -- |
| -- |
Rafael Emilio Martínez Alba (a) Fellito -- |
| -- |
Telésforo Rafael Calderón -- |
| -- |
Violeta Espaillat Brache -- |
| Información miscelánea |
Segunda etapa 1900-1929 -- |
| Título |
Introdución a la segunda etapa -- |
| -- |
Mario Euríspides Fernández -- |
| -- |
Antonia Álvarez Abreu (a) Toñita -- |
| -- |
Rhina Espaillat Brache (a) miss Rhina -- |
| -- |
Homero Andrés Berrido Glass -- |
| -- |
Ramón Del Orbe y Del Orbe -- |
| -- |
Julio Ernesto Concepción Luciano -- |
| -- |
Domitila Grullón García de Lora (a) Mitila -- |
| -- |
Bolívar Berrido Taveras -- |
| -- |
Estela Despradel Brache Vda. Brache (a) Bitín -- |
| -- |
Judith Antonia Hernando de la Mota (a) Ninina -- |
| -- |
Lina Magdalena Longo Minervino -- |
| -- |
Matilde Viñas Rodríguez de Robiou (a) Matití -- |
| -- |
Aura Violeta Hernando de la Mota (a) Madame -- |
| 505 0# - NOTA DE CONTENIDO CON FORMATO |
| Título |
Francisco Javier Abreu Almánzar -- |
| -- |
Arnold Mackenzie (a) Mr. Mackenzie -- |
| -- |
Porfirio de los Santos Almarante -- |
| -- |
Mercedes Morel Holguín (a) Mercedita -- |
| -- |
Aída Mercedes Gómez Álvarez de Moya -- |
| -- |
Andrea Modesto Estrella de Pérez -- |
| -- |
Ysmenia Muñoz Peña vda. Hernando -- |
| -- |
Nieves María Mercedes Valerio Martínez (a) dona Nieves -- |
| -- |
Josefa Estela Gómez Hernando de Hernández (a) la China -- |
| -- |
Tomás de Jesús Saldívar Rojas -- |
| -- |
José Antonio Gúzman Fabián (a) Toñito -- |
| -- |
Guillermo Antonio Saldívar Tejada -- |
| Información miscelánea |
Tercera etapa 1930-1961 -- |
| Título |
Introducción a la tercera etapa -- |
| -- |
William Almonte y Almonte -- |
| -- |
Socorro Martínez Vásquez -- |
| -- |
María Felipa Jáquez Núñez (a) Mariíta -- |
| -- |
Alberta Cecilia Custodio Neris (a) Berta -- |
| -- |
Bibliografía -- |
| -- |
Índice onomástico y de topónimos. |
| 590 ## - NOTA LOCAL (RLIN) |
| Nota local |
Inventariado, 2020/VM |
| 650 #4 - PUNTO DE ACCESO ADICIONAL DE MATERIA--TÉRMINO DE MATERIA |
| Término de materia o nombre geográfico como elemento de entrada |
Maestros |
| Subdivisión geográfica |
República Dominicana, La Vega |
| Subdivisión de forma |
Biografías |
| 9 (RLIN) |
31954 |
| 650 #4 - PUNTO DE ACCESO ADICIONAL DE MATERIA--TÉRMINO DE MATERIA |
| Término de materia o nombre geográfico como elemento de entrada |
Educación |
| Subdivisión geográfica |
República Dominicana, La Vega |
| Subdivisión general |
Historia |
| 9 (RLIN) |
31955 |
| 650 #4 - PUNTO DE ACCESO ADICIONAL DE MATERIA--TÉRMINO DE MATERIA |
| Término de materia o nombre geográfico como elemento de entrada |
Personal docente |
| Subdivisión geográfica |
República Dominicana, La Vega |
| 9 (RLIN) |
31956 |
| 650 #4 - PUNTO DE ACCESO ADICIONAL DE MATERIA--TÉRMINO DE MATERIA |
| Término de materia o nombre geográfico como elemento de entrada |
Ciudades y pueblos |
| Subdivisión geográfica |
República Dominicana |
| 9 (RLIN) |
784 |
| 651 #0 - PUNTO DE ACCESO ADICIONAL DE MATERIA--NOMBRE GEOGRÁFICO |
| Nombre geográfico |
Concepción de la Vega (Republica Dominicana ) |
| 9 (RLIN) |
2180 |
| 700 12 - PUNTO DE ACCESO ADICIONAL--NOMBRE DE PERSONA |
| Nombre de persona |
Mota García, Fausto, |
| Fechas asociadas al nombre |
1955- |
| 9 (RLIN) |
31957 |
| 700 12 - PUNTO DE ACCESO ADICIONAL--NOMBRE DE PERSONA |
| Nombre de persona |
Rosario Candelier, Bruno, |
| Fechas asociadas al nombre |
1941- |
| Término indicativo de función/relación |
pról. |
| 9 (RLIN) |
851 |
| 700 12 - PUNTO DE ACCESO ADICIONAL--NOMBRE DE PERSONA |
| Nombre de persona |
Paredes Pinales, Melanio, |
| Fechas asociadas al nombre |
1951- |
| 9 (RLIN) |
31958 |
| 910 ## - DATOS DE OPCIÓN DEL USUARIO (OCLC) |
| Datos de opción del usuario |
Validado. Control de calidad MMOLINA |
| 942 ## - ELEMENTOS DE PUNTO DE ACCESO ADICIONAL (KOHA) |
| Fuente del sistema de clasificación o colocación |
Dewey Decimal Classification |
| Tipo de ítem Koha |
Libro |